Rozhodovací proces v riadení tržieb diplomová práca

Na minha lista:
Detalhes bibliográficos
Autor principal: Janco, Andrej
Autor Corporativo: Fakulta podnikového manažmentu EU. Katedra manažmentu
Outros Autores: Remeňová, Katarína, 1982-
Formato: Livro
Idioma:eslovaco
Publicado em: Bratislava 2021
Tags: Adicionar Tag
Sem tags, seja o primeiro a adicionar uma tag!

MARC

LEADER 00000nbm a2200000 4500
001 0275667
005 20211125104900.3
041 0 |a slo 
044 |a SK 
245 1 0 |a Rozhodovací proces v riadení tržieb  |b diplomová práca  |c Andrej Janco ; školiteľ: Katarína Remeňová 
264 1 |a Bratislava  |c 2021 
300 |a 77 s. 
100 1 |a Janco, Andrej 
700 1 |a Remeňová, Katarína, 1982- 
710 2 |a Fakulta podnikového manažmentu EU. Katedra manažmentu